TV Jury Duty Quiz Stats

 Plays Quiz Updated Dec 10, 2018

     
Support Sporcle.
Go Orange.
Score 0/20 Timer 05:00
0 Plays Today
% Correct
Family Guy
93.5%
The Simpsons
92.9%
The Flintstones
92.9%
American Dad
88.4%
30 Rock
86.8%
Happy Days
84.7%
New Girl
75.2%
Monk
71.2%
Modern Family
70%
Cheers
68.7%
% Correct
The Dick Van Dyke Show
65.6%
Malcolm in the Middle
65.5%
Veronica Mars
57.9%
MacGyver
55.5%
Bones
53.7%
Perfect Strangers
48.9%
Becker
47.9%
The Odd Couple
46.6%
Phineas & Ferb
45%
Leverage
8.3%

From the Vault

#5 Hits of the 1980s

by rockgolf

Music 12m
Is there a medal for coming in 5th place? It seems like it'd have to be aluminum or something.
Remove Ads.
Support Sporcle.
Get the best of Sporcle when you Go Orange. This ad-free experience offers more features, more stats, and more fun while also helping to support Sporcle. Thank you for becoming a member.

Show Comments

Extras

Top Quizzes Today


Score Distribution

Your Account Isn't Verified!

In order to create a playlist on Sporcle, you need to verify the email address you used during registration. Go to your Sporcle Settings to finish the process.

Report this User

Report this user for behavior that violates our Community Guidelines.

Details: